Những tấm lòng cao cả = Les grands coeurs

Saved in:
Bibliographic Details
Main Author: Edmondo de Amicis
Format: Book
Language:Undetermined
Published: Hà Nội Phụ Nữ 1998
Subjects:
Tags: Add Tag
No Tags, Be the first to tag this record!
Institutions: Trung tâm Học liệu Trường Đại học Cần Thơ
LEADER 00544nam a2200181Ia 4500
001 CTU_25362
008 210402s9999 xx 000 0 und d
082 |a 853 
082 |b A516 
100 |a Edmondo de Amicis 
245 0 |a Những tấm lòng cao cả 
245 0 |b = Les grands coeurs 
245 0 |c Edmondo de Amicis; Dịch giả: Hoàng Thiếu Sơn 
260 |a Hà Nội 
260 |b Phụ Nữ 
260 |c 1998 
650 |a italian fiction ( vietnamese ) 
980 |a Trung tâm Học liệu Trường Đại học Cần Thơ